| 000 | 00501nam a2200157 4500 | ||
|---|---|---|---|
| 999 |
_c511890 _d511890 |
||
| 008 | 191021b ||||| |||| 00| 0 eng d | ||
| 100 |
_aBirkenmaier, J. _912342 |
||
| 245 | _aDoes consumer financial management behavior relate to their financial access? | ||
| 260 | _bJournal of Consumer Policy | ||
| 300 | _a42(3), Sep, 2019: p.333-348. | ||
| 650 |
_aFinancial management _912343 |
||
| 700 |
_aFu, Q.J. _912344 |
||
| 773 | _aJournal of Consumer Policy | ||
| 906 | _aConsumers | ||
| 942 |
_2ddc _cAR |
||